00712nam a2200193 i 450000100060000000300090000600500170001500700030003200800410003508000080007610000220008424501250010626000400023130000400027165000320031185200320034399900170037595201260039286781ES-MaACL20250816090436.0t|041215s1962 sp ||||1| spa d a6941 aKay, N. W.96767310aCarpintería de armar y de taller b: guía completa y práctica para todas las ramas de la profesión / cN.W. Kay. aBarcelona : bGustavo Gili, c1962. a499 p., 1 lám. : bil. ; c25 cm.07aCarpintería2embne910790 aES-MaACLjC-22480 bR.51057 c86781d86781 00104070aATENEOMbATENEOMcGaleríad2008-01-17eSCl0oC-22480p1090672r2023-02-23 00:00:00w2023-02-23yMONOGRAFIA